Electrólisis.

Guardado en:
Formato: Deslizar
Series:Tv Quality
Materias:
Etiquetas: Agregar Etiqueta
Sin Etiquetas, Sea el primero en etiquetar este registro!
LEADER 00826ngm a22002415g 4500
001 CEM.cems022464
008 130507b2000##################0###0#####d
005 20241104161318.0
245 0 0 |a Electrólisis. 
300 |a 16'. 
490 0 |a Tv Quality 
500 |a En soporte VHS, consultar en ventanilla. 
505 0 |a Electrólisis. Colocación de un electrodo en el agua y separación del hidrógeno y oxígeno. Cómo se descompone el agua. Distintos experimentos. 
538 |a Soporte: VHS - Norma: Pal N - Color: Si - Grabación DRD 2000 - Hitachi=5297 
082 5 3 |/ TVQ 
653 |a FISICA 
653 |a ELECTROLISIS 
653 |a AGUA 
653 |a HIDROGENO 
653 |a OXIGENO 
653 |a NIVEL PRIMARIO 
653 |a NIVEL SECUNDARIO 
859 |a CEMS  |b BIB. CEMS - Depto. Recursos Didacticos  |h 537  |i TVQ  |k DRD  |p 1107.12  |t Ej.1